000 00657nab a2200193 4500
001 244442
003 OSt
005 20241029084847.0
007 tu
008 200917s2020|||||||
040 _aDE-2950
_cDE-2950
245 0 0 _aWohnheim an der Stadtbrücke nach Sanierung bezugsfertig/
_bViadrina. Pünktlich zum Semesterstart wurden am Montag die Wohnungen im Hochhaus des Studierendenwerks an der Großen Oderstraße 50 bezogen/
_cSelim Pekel
264 _c2024
653 _aFrankfurt (Oder)
653 _aViadrina
653 _aWohnheim
773 0 _g35. Jahrgang (2024) Nr. 236 vom 09.10.2024, S. 16 mit Foto
_tMärkische Oderzeitung
942 _2z
_cA
999 _c373426
_d373426